000 00531nam a2200193Ia 4500
003 LK-CoDNM
008 010623t xxu||||| |||| 00| 1 eng d
040 _aLK-CoDNM
_dLK-CoDNM
_eLK-CoDNM
041 _aeng
080 _a10 V 2
100 _aBarker,Ernest.
_eed.
245 _aThe Outline of History Being A Plain History of life and Mankind
300 _b780p,ill,pl,maps., 27 cm
700 _aGilbert,Professor.
_eed.
700 _aJohnston,H.H.
_eed.
700 _aLankester,E.Ray
_eed.
700 _aWells,H.G.
942 _cBK
999 _c136404
_d136404